| 000 | 00736nam a2200229 i 4500 | ||
|---|---|---|---|
| 001 | 71819 | ||
| 003 | ES-MaACL | ||
| 005 | 20230906171235.0 | ||
| 007 | t| | ||
| 008 | 040819s1918 sp |||| | spa d | ||
| 080 | _a613.95(430)"1939/1945" | ||
| 100 | 1 |
_aGibbon, I. G. _956631 |
|
| 245 | 1 | 3 |
_aLa salud de los niños en Alemania durante la guerra / _cI.G. Gibbon. |
| 260 |
_aMadrid : _b[s.n., _c1918] ( _fImp. del Asilo de Huérfanos) |
||
| 300 |
_a1 v. (110 p.) ; _c22 cm. |
||
| 490 | 1 | _aBiblioteca Pro infantia | |
| 650 | 4 |
_aNiños- _xAsistencia sanitaria. _9160854 |
|
| 650 | 4 |
_aGuerra mundial, 1914-1918- _xNiños. _9159662 |
|
| 830 | 0 |
_aBiblioteca Pro infantia _9183281 |
|
| 852 |
_aES-MaACL _j1568-F-6 |
||
| 999 |
_c71819 _d71819 |
||